000 00678nam a2200241Ia 4500
003 OSt
005 20220927104654.0
006 a|||||r|||| 00| 0
007 ta
008 220926b |||||||| |||| 00| 0 eng d
024 _a151808
037 _cReference Collections
040 _aRTL
_cRTL
_beng
041 _2eng
_aeng
082 _a"X:9.1.N7, L1/UN"
110 _aInter National Labour Office
_9366686
245 0 _aConcept of labuor force underutilization
260 _c1971
300 _a88p.
_ccm.
700 _aInter National Labour Office
_9366687
942 _h"X:9.1.N7, L1/UN"
_cCC
999 _c688235
_d688235